000 00763nam a2200241 4500
003 OSt
005 20260601193845.0
008 260501t2004 xxua|||| |||| 00| 0 eng d
020 _a081184210X
040 _aICI
_bspa
_cICI
041 _aeng
050 _aNK1548
_bF73
100 1 _aFraser, Tom,
_eautor
_931281
245 1 _aDesigner's color manual :
_bthe complete guide to color theory and application /
_cTom Fraser + Adam Banks
264 _aSan Francisco :
_bChronicle Books,
_c2004
300 _a224 páginas :
_bilustraciones a color
336 _atexto
_2rdacontent
337 _asin medio
_2rdamedia
338 _avolumen
_2rdacarrier
650 1 _2Color en el diseño
_xManuales
_931282
700 1 _aBanks, Adam,
_eautor
_931283
942 _2lcc
_cB
_n1
999 _c21597
_d21597